Central Library OPAC University of Rajshahi

Public relations writing : (Record no. 61474)

MARC details
000 -LEADER
fixed length control field 00837nam a2200277 a 4500
001 - CONTROL NUMBER
control field 61474
003 - CONTROL NUMBER IDENTIFIER
rucl marc code BD-RjUL
005 - DATE AND TIME OF LATEST TRANSACTION
control field 20211209080952.0
008 - FIXED-LENGTH DATA ELEMENTS--GENERAL INFORMATION
fixed length control field 170118s2005 ii a 001 0 eng d
020 ## - INTERNATIONAL STANDARD BOOK NUMBER
International Standard Book Number 8178295369
035 ## - SYSTEM CONTROL NUMBER
System control number (BD-RjUL)61598
040 ## - CATALOGING SOURCE
Original cataloging agency DLC
Transcribing agency DLC
Modifying agency BD-RjUL
Language of cataloging eng
041 ## - LANGUAGE CODE
Language code of text/sound track or separate title eng
082 00 - DEWEY DECIMAL CLASSIFICATION NUMBER
Classification number 659.2
Edition number 23
Author mark and year TRP 2005
100 1# - MAIN ENTRY--PERSONAL NAME
Personal name Treadwell, Donald
9 (RLIN) 183229
245 10 - TITLE STATEMENT
Title Public relations writing :
Remainder of title principles in practice /
Statement of responsibility, etc. Donald Treadwell, Jill B. Treadwell
250 ## - EDITION STATEMENT
Edition statement 2nd ed.
260 ## - PUBLICATION, DISTRIBUTION, ETC. (IMPRINT)
Place of publication, distribution, etc. New Delhi :
Name of publisher, distributor, etc. Response Books,
Date of publication, distribution, etc. c2005.
300 ## - PHYSICAL DESCRIPTION
Pagination xxvi, 517 p. :
Illustrations ill. ;
Size 28 cm.
500 ## - GENERAL NOTE
General note Includes index.
650 #0 - SUBJECT ADDED ENTRY--TOPICAL TERM
Topical term or geographic name as entry element Public relations
General subdivision Authorship.
9 (RLIN) 183230
Topical term or geographic name as entry element Public relations.
9 (RLIN) 183231
Topical term or geographic name as entry element Business writing.
9 (RLIN) 182112
700 1# - ADDED ENTRY--PERSONAL NAME
Personal name Treadwell, Jill B.
942 ## - ADDED ENTRY ELEMENTS (KOHA)
Source of classification or shelving scheme Dewey Decimal Classification
Koha item type Books
Holdings
Lost status Source of classification or shelving scheme Damaged status Not for loan Collection code Permanent Location Current Location Shelving location Date acquired Source of acquisition Cost, normal purchase price Total Checkouts Full call number Date last seen Copy number Koha item type
  Dewey Decimal Classification   Not For Loan Non-fiction Central Library, University of Rajshahi Central Library, University of Rajshahi Reading Room 21/09/2010 Dhaka,Paragon Enterprise 650.00   659.2 TRP 2005 18/01/2017 C-1 Books